Statistics for Biggest Cities in the United States of America by Area

Click here to take the quiz!

General Stats

  • This quiz has been taken 166 times
    (147 since last reset)
  • The average score is 62 of 100

Answer Stats

HintAnswer% Correct
New YorkNew York
99%
CaliforniaLos Angeles
99%
IllinoisChicago
96%
TexasHouston
96%
FloridaMiami
94%
TexasDallas
94%
TexasSan Antonio
92%
ArizonaPhoenix
92%
CaliforniaSan Diego
91%
PennsylvaniaPhiladelphia
91%
GeorgiaAtlanta
89%
NevadaLas Vegas
88%
MichiganDetroit
88%
District of ColumbiaWashington
88%
MassachusettsBoston
88%
CaliforniaSan Francisco
88%
ColoradoDenver
88%
IndianaIndianapolis
87%
FloridaJacksonville
85%
WashingtonSeattle
85%
LouisianaNew Orleans
84%
TennesseeNashville
84%
OregonPortland
83%
TexasAustin
83%
FloridaTampa
82%
MissouriKansas City
81%
TennesseeMemphis
81%
MinnesotaMinneapolis
80%
OhioColumbus
80%
MarylandBaltimore
80%
OklahomaOklahoma City
80%
CaliforniaSan Jose
79%
OhioCleveland
78%
TexasEl Paso
78%
WisconsinMilwaukee
77%
New MexicoAlbuquerque
76%
PennsylvaniaPittsburgh
76%
North CarolinaCharlotte
76%
FloridaOrlando
75%
MissouriSt. Louis
74%
North CarolinaRaleigh
73%
CaliforniaSacramento
72%
HawaiiHonolulu
71%
New YorkBuffalo
71%
ArizonaTucson
70%
OhioCincinnati
70%
TexasFort Worth
70%
IdahoBoise
68%
OklahomaTulsa
67%
NebraskaOmaha
67%
VirginiaVirginia Beach
67%
CaliforniaOakland
65%
AlaskaAnchorage
65%
ColoradoColorado Springs
64%
AlabamaBirmingham
63%
LouisianaBaton Rouge
63%
New JerseyNewark
63%
KansasWichita
63%
MinnesotaSt. Paul
61%
AlabamaMontgomery
59%
NebraskaLincoln
58%
CaliforniaFresno
56%
WisconsinMadison
54%
NevadaReno
54%
New JerseyJersey City
50%
CaliforniaLong Beach
49%
ArizonaMesa
49%
Texas | VirginiaArlington
48%
CaliforniaRiverside
47%
TexasCorpus Christi
47%
OhioToledo
47%
CaliforniaAnaheim
46%
CaliforniaSan Bernardino
45%
OhioAkron
44%
KentuckyLexington
44%
New YorkRochester
43%
CaliforniaBakersfield
43%
ColoradoAurora
40%
ArizonaScottsdale
38%
IndianaFort Wayne
37%
FloridaSt. Petersburg
36%
VirginiaNorfolk
36%
CaliforniaSanta Ana
34%
North CarolinaDurham
34%
TexasLubbock
33%
CaliforniaStockton
31%
North CarolinaGreensboro
31%
TexasLaredo
30%
NevadaHenderson
30%
TexasPlano
29%
ArizonaGlendale
27%
CaliforniaModesto
21%
ArizonaChandler
21%
TexasGarland
20%
CaliforniaChula Vista
20%
VirginiaChesapeake
20%
FloridaHialeah
16%
New YorkHuntington
10%
New YorkNorth Hemstead
0%

Score Distribution

Percentile by Number Answered

Percent of People with Each Score

Your Score History

You have not taken this quiz since the last reset